Persönlichkeitsstörungen

Saved in:
Bibliographic Details
Main Authors: Bohus, Martin (Author) , Fiedler, Peter (Author) , Herpertz, Sabine (Author)
Format: Chapter/Article
Language:German
Published: 2015
In: Psychische Erkrankungen
Year: 2015, Pages: 605-668
Online Access: Get full text
Author Notes:M. Bohus, R.D. Stieglitz, P. Fiedler, H. Hecht, S.C. Herpertz, R. Müller-Isberner & M. Berger

MARC

LEADER 00000caa a2200000 c 4500
001 1752372158
003 DE-627
005 20220819144437.0
007 tu
008 210324s2015 xx ||||| 00| ||ger c
035 |a (DE-627)1752372158 
035 |a (DE-599)KXP1752372158 
035 |a (OCoLC)1341401123 
040 |a DE-627  |b ger  |c DE-627  |e rda 
041 |a ger 
084 |a 11  |2 sdnb 
100 1 |a Bohus, Martin  |d 1956-  |e VerfasserIn  |0 (DE-588)123588308  |0 (DE-627)082645469  |0 (DE-576)167043471  |4 aut 
245 1 0 |a Persönlichkeitsstörungen  |c M. Bohus, R.D. Stieglitz, P. Fiedler, H. Hecht, S.C. Herpertz, R. Müller-Isberner & M. Berger 
264 1 |c 2015 
300 |a 64 
336 |a Text  |b txt  |2 rdacontent 
337 |a ohne Hilfsmittel zu benutzen  |b n  |2 rdamedia 
338 |a Band  |b nc  |2 rdacarrier 
700 1 |a Fiedler, Peter  |d 1945-  |e VerfasserIn  |0 (DE-588)11544338X  |0 (DE-627)077255437  |0 (DE-576)160940079  |4 aut 
700 1 |a Herpertz, Sabine  |d 1960-  |e VerfasserIn  |0 (DE-588)132328526  |0 (DE-627)520581113  |0 (DE-576)182985261  |4 aut 
773 0 8 |i Enthalten in  |t Psychische Erkrankungen  |b 5. vollständig neu bearbeitete Auflage mit umfangreichen Ergänzungen auf der Online-Plattform  |d München : Elsevier, Urban & Fischer, 2015  |g (2015), Seite 605-668  |h XXV, 906 Seiten  |w (DE-627)1610741196  |w (DE-576)413891046  |z 3437224840  |z 9783437224843  |7 nnam  |a Persönlichkeitsstörungen 
773 1 8 |g year:2015  |g pages:605-668  |g extent:64  |a Persönlichkeitsstörungen 
951 |a AR 
992 |a 20210324 
993 |a BookComponentPart 
994 |a 2015 
998 |g 132328526  |a Herpertz, Sabine  |m 132328526:Herpertz, Sabine  |d 910000  |d 910600  |e 910000PH132328526  |e 910600PH132328526  |k 0/910000/  |k 1/910000/910600/  |p 5 
998 |g 11544338X  |a Fiedler, Peter  |m 11544338X:Fiedler, Peter  |d 100000  |d 100200  |e 100000PF11544338X  |e 100200PF11544338X  |k 0/100000/  |k 1/100000/100200/  |p 3 
998 |g 123588308  |a Bohus, Martin  |m 123588308:Bohus, Martin  |d 60000  |e 60000PB123588308  |k 0/60000/  |p 1  |x j 
999 |a KXP-PPN1752372158  |e 3893775005 
BIB |a Y 
JSO |a {"person":[{"display":"Bohus, Martin","family":"Bohus","role":"aut","given":"Martin"},{"family":"Fiedler","display":"Fiedler, Peter","role":"aut","given":"Peter"},{"display":"Herpertz, Sabine","family":"Herpertz","role":"aut","given":"Sabine"}],"language":["ger"],"type":{"bibl":"chapter"},"title":[{"title_sort":"Persönlichkeitsstörungen","title":"Persönlichkeitsstörungen"}],"id":{"eki":["1752372158"]},"physDesc":[{"extent":"64 S."}],"origin":[{"dateIssuedKey":"2015","dateIssuedDisp":"2015"}],"relHost":[{"type":{"bibl":"edited-book"},"id":{"isbn":["3437224840","9783437224843"],"eki":["1610741196"]},"disp":"PersönlichkeitsstörungenPsychische Erkrankungen","recId":"1610741196","person":[{"given":"Mathias","role":"edt","family":"Berger","display":"Berger, Mathias"},{"given":"Heide","role":"edt","display":"Hecht, Heide","family":"Hecht"},{"family":"Agyemang","display":"Agyemang, Anja","role":"ctb","given":"Anja"}],"language":["ger"],"title":[{"title_sort":"Psychische Erkrankungen","subtitle":"Klinik und Therapie","title":"Psychische Erkrankungen"}],"physDesc":[{"noteFormat":"276 mm x 213 mm","noteIll":"Illustrationen, Diagramme","extent":"XXV, 906 Seiten"}],"origin":[{"dateIssuedDisp":"2015","publisherPlace":"München","edition":"5. vollständig neu bearbeitete Auflage mit umfangreichen Ergänzungen auf der Online-Plattform","dateIssuedKey":"2015","editionNo":"5","publisher":"Elsevier, Urban & Fischer"}],"note":["Die vollständige Literatur zu diesem Buch ist im \"Plus im Web\" zu finden"],"name":{"displayForm":["Berger. In Zusammenarbeit mit dem Deutschen Cochrane-Zentrum; Herausgegeben von Mathias Berger unter Mitarbeit von Heide Hecht; Mit Beiträgen von: Anja Agyemang [und 71 weitere]"]},"corporate":[{"display":"Deutsches Cochrane-Zentrum","role":"isb"}],"part":{"extent":"64","text":"(2015), Seite 605-668","year":"2015","pages":"605-668"}}],"name":{"displayForm":["M. Bohus, R.D. Stieglitz, P. Fiedler, H. Hecht, S.C. Herpertz, R. Müller-Isberner & M. Berger"]},"recId":"1752372158"} 
SRT |a BOHUSMARTIPERSOENLIC2015